Diseño de un modelo de negocio colaborativo para la integración de servicios de esparcimiento por medio de una plataforma digital
Uloženo v:
| Hlavní autor: | |
|---|---|
| Další autoři: | , , |
| Médium: | Kniha |
| Jazyk: | Spanish |
| Vydáno: |
[San José , Costa Rica]
2018
|
| Témata: | |
| Tagy: |
Přidat tag
Žádné tagy, Buďte první, kdo vytvoří štítek k tomuto záznamu!
|
MARC
| LEADER | 00000nam a22000007a 4500 | ||
|---|---|---|---|
| 003 | 012933 | ||
| 005 | 20240209082715.0 | ||
| 008 | 181030b2018 cr a|||| |m|| 00| ||spa d | ||
| 040 | |c cru CEDI | ||
| 090 | |a TFG 8084 | ||
| 100 | |a Lizano Fallas, Fiorella, 1992- |9 1825 | ||
| 245 | |a Diseño de un modelo de negocio colaborativo para la integración de servicios de esparcimiento por medio de una plataforma digital | ||
| 260 | |a [San José , Costa Rica] |c 2018 | ||
| 300 | |a xiii, 215 hojas : ilustraciones algunas a color | ||
| 500 | |a Proyecto de graduación (licenciatura en ingeniería industrial)--Universidad de Costa Rica. Facultad de Ingeniería. Escuela de Ingeniería Industrial | ||
| 501 | |a Directora de Proyecto de Graduación: Inga. Carolina Vásquez Soto | ||
| 650 | |x PLANIFICACION - ESTRATEGICA |x COMERCIO ELECTRONICO |x NEGOCIOS EN INTERNET |x RECREACION Link |x SITIOS WEB |x MERCADEO POR INTERNET |9 14437 | ||
| 700 | |a Rodríguez Alfaro, Verónica, 1990- |9 1823 | ||
| 700 | |a Valverde Barahona, Karina, 1992- |9 1824 | ||
| 700 | |a Vásquez Soto, Carolina, 1969- |d Directora del TFG |9 215 | ||
| 942 | |c TFG |h TFG 8084 |i 012933 |6 TFG_8084_012933000000000 | ||
| 999 | |c 21052 |d 21052 | ||
